000 01497nam0a2200361 4500
001 RU\NLR\BIBL_A\022685647
005 20260210150827.0
010 _a978-5-04-188661-5
_92000
021 _aRU
_bКН-П-25-066146
_9КН-П-25-6403
035 _a(NLR Aleph) 022685647
090 _a13552546
_c13552546
100 _a20251211d2025 m y0rusy50 ca
101 1 _arus
_cspa
102 _aRU
105 _aa z 000zy
181 0 _ai3
_b xxe
181 0 _ab1
_b b2e
182 0 _an
200 1 _aЭнциклопедия монстров
_eвеликие и ужасные легенды кинематографа
_e[на примере 25 культовых фильмов]
_fФернандо Висенте, Альберто Хиль
_g[перевод с испанского Е. В. Расторгуевой]
203 _aТекст
_aИзображение
_bвизуальные
_cнепосредственные
210 _aМосква
_cЭксмо, Бомбора
_d2025
215 _a187 с.
_cил., цв. ил.
_d25
225 1 _aПодарочные издания
_iКино
320 _aБиблиогр.: с. 187
333 _a18+
606 1 _a"Фильмы ужасов"
_yЗарубежные страны
_2nlr_sh1
_2nlr_sh2
_3RU\NLR\AUTH\661140295
686 1 _aЩ374.3(0)6-46
700 1 _aВисенте
_bФ.
_gФернандо
701 1 _aХиль
_bА.
_gАльберто
942 _cBOOK
980 _aNB